Statystyki dla Stolice na literę A

Kliknij tutaj aby rozwiązać quiz!

Ogólne statystyki

  • Ten quiz został rozwiązany 49 razy
  • Średni wynik to 9 z 16

Statystyki odpowiedzi

KontynentStolica% Poprawnych
EuropaAmsterdam
90%
EuroazjaAnkara
88%
EuropaAndora
76%
EuropaAteny
73%
EuroazjaAstana
68%
Ameryka PołudniowaAsunción
63%
AfrykaAlgier
61%
AfrykaAddis Abeba
59%
AzjaAbu Zabi
56%
AfrykaAbudża
49%
AfrykaAntananarywa
49%
AfrykaAkra
46%
AzjaAmman
46%
OceaniaApia
41%
AzjaAszchabad
39%
AfrykaAsmara
27%

Rozkład punktacji

Percentyl według liczby udzielonych odpowiedzi

Procent ludzi z każdym wynikiem

Twoja historia wyników

Nie rozwiązałeś tego quizu